000 00327nam a2200121Ia 4500
008 230411s9999 xx 000 0 und d
041 _aeng
082 _aCH/610.7343/GOV/B02463
100 _aGovt of India
_9111007
245 _aReproductive and Child Health Programme
260 _aNew Delhi
_c1998
999 _c153654
_d153654